Footballeurs par lettre A - Statistiques

Statistiques générales
  • Ce quiz a été pris 204 fois
  • Le résultat moyen est 12 sur 18
Statistiques - réponses
Par images Réponse % Correct
Aubameyang
97%
Alaba
96%
Ake
95%
Alex
95%
Aguero
94%
Antony
92%
Alexander Arnold
90%
Anelka
85%
Asensio
82%
Adriano
69%
Adebayor
64%
Amavi
60%
Arshavin
60%
Almiron
53%
Arbeloa
41%
Altintop
21%
Adams
13%
Agbonlahor
11%
Aucun quiz correspondant
Distribution des résultats
% des personnes avec chaque résultat
Percentile par nombre de réponses
Votre historique - résultats
Vous n’avez pas pris ce quiz